000 00739nam a2200217Ia 4500
003 GCL
008 140319s9999 xx 000 0 ara d
040 _aGCL /
_cGCL
082 0 4 _a327.172
_bا ب
100 1 _aاحمد صدقى الدجانى
245 1 0 _aبداية الصحوة العربية فى مواجهة الغزوة الصهيونية العنصرية /
_cاحمد صدقى الدجانى
260 _a[S.N] :
_bدار المستقبل العربى ،
_c1986
300 _a269 ص
490 _a
650 0 4 _aالنزاع العربى الاسرائيلى
650 0 4 _aالشرق الاوسط
650 0 4 _aاسرائيل
650 0 4 _aالعلاقات الخارجية
650 0 4 _aاوربا
942 _2ddc
_cBK
999 _c55949
_d55949